000 00819nam a2200241Ia 4500
003 OSt
005 20220923213604.0
006 a|||||r|||| 00| 0
007 ta
008 220922b |||||||| |||| 00| 0 hin d
024 _a163,179
037 _cTextual
040 _aARTS
_cARTS
_bhin
041 _2hin
_ahin
082 _aO152,1:gN, K7
100 _aकिशोर, श्यामनन्दन
_9156365
245 0 _aआधुनिक हिन्दी महाकाव्यों का शिल्प विधान
246 _aĀdhunik hindī hinākāvyoan kā shilpa vidhāna
260 _c1967
650 _aहिन्दी साहित्य
_9156264
942 _hO152,1:gN, K7
_cTEXL
_2CC
999 _c317659
_d317659